Hospitality management : (Record no. 2946)
[ view plain ]
| 000 -LEADER | |
|---|---|
| fixed length control field | 00668nam a22002172 4500 |
| 001 - CONTROL NUMBER | |
| control field | 0000005320 |
| 005 - DATE AND TIME OF LATEST TRANSACTION | |
| control field | 20151217145824.0 |
| 008 - FIXED-LENGTH DATA ELEMENTS--GENERAL INFORMATION | |
| fixed length control field | 070611s xx 000 0 eng d |
| 020 ## - INTERNATIONAL STANDARD BOOK NUMBER | |
| International Standard Book Number | 058231271X : |
| Terms of availability | KES 1,890 |
| 040 ## - CATALOGING SOURCE | |
| Original cataloging agency | KABU |
| Transcribing agency | KABU |
| 050 #0 - LIBRARY OF CONGRESS CALL NUMBER | |
| Classification number | TX911.3 |
| Item number | .M27K56 1998 |
| 100 1# - MAIN ENTRY--PERSONAL NAME | |
| Personal name | Knowles, Tim. |
| -- | 0000156548 |
| 245 10 - TITLE STATEMENT | |
| Title | Hospitality management : |
| Remainder of title | an introduction / |
| Statement of responsibility, etc. | Tim Knowles. |
| 250 ## - EDITION STATEMENT | |
| Edition statement | 2nd ed. |
| 260 ## - PUBLICATION, DISTRIBUTION, ETC. (IMPRINT) | |
| Place of publication, distribution, etc. | Essex : |
| Name of publisher, distributor, etc. | Longman, |
| Date of publication, distribution, etc. | 1998. |
| 300 ## - PHYSICAL DESCRIPTION | |
| Extent | xii, 310 p. ; |
| Dimensions | 25 cm. |
| 650 #0 - SUBJECT ADDED ENTRY--TOPICAL TERM | |
| Topical term or geographic name as entry element | Hospitality industry |
| Geographic subdivision | Great Britain |
| General subdivision | Management. |
| -- | 0000156549 |
| 908 ## - PUT COMMAND PARAMETER (RLIN) | |
| Put command parameter | 070611 |
| 950 ## - LOCAL HOLDINGS (RLIN) | |
| -- | 1 |
| Withdrawn status | Lost status | Source of classification or shelving scheme | Not for loan | Home library | Current library | Date acquired | Total Checkouts | Full call number | Barcode | Date last seen | Date last checked out | Price effective from | Koha item type | Cost, normal purchase price | Inventory number | Copy number |
|---|---|---|---|---|---|---|---|---|---|---|---|---|---|---|---|---|
| Library of Congress Classification | Kabarak, Main Campus | Kabarak, Main Campus | 17/12/2015 | 2 | TX911.3 .M27K56 1998 | 009569 | 08/11/2022 | 03/11/2022 | 17/12/2015 | General Collection | ||||||
| Library of Congress Classification | Kabarak, Main Campus | Kabarak, Main Campus | 12/04/2018 | TX911.3 .M27K56 1998 c.2 | 024046 | 12/04/2018 | 12/04/2018 | General Collection | 4800.00 | 2018/0200 | C. 2 | |||||
| Library of Congress Classification | Kabarak, Main Campus | Kabarak, Main Campus | 12/04/2018 | 1 | TX911.3 .M27K56 1998 c.3 | 024047 | 02/11/2021 | 27/10/2021 | 12/04/2018 | General Collection | 4800.00 | 2018/0200 | C. 3 | |||
| Library of Congress Classification | Kabarak, Main Campus | Kabarak, Main Campus | 06/10/2018 | TX911.3 .M27K56 1998 c. 4 | 024044 | 06/10/2018 | 06/10/2018 | General Collection | 4800.00 | 2018/0200 | C. 4 |